| 000 | 01211nam a22003377a 4500 | ||
|---|---|---|---|
| 003 | CHAP | ||
| 005 | 20220329143449.0 | ||
| 008 | 091109s2007 mx r 00010 spa d | ||
| 010 | _a97033 | ||
| 011 | _a98005 | ||
| 020 | _a9789708260039 | ||
| 035 | _a108680 | ||
| 040 | _cCHAP | ||
| 082 | 0 | 4 |
_a972.03 _bV54 |
| 100 | 1 |
_aVelázquez Gustavo G. _9118544 |
|
| 245 | 1 | 0 |
_aHidalgo : _bnueva vida del héroe _c/por Gustavo G. Velázquez |
| 250 | _a2 ed. | ||
| 260 |
_aToluca, Méx. : _bGobierno del Estado de México, Instituto Mexiquense de Cultura, _c2007 |
||
| 300 | _a193 p. | ||
| 490 | 0 |
_aBiblioteca Mexiquense del Bicentenario. _pColección Mayor : historia y sociedad _v; 3 |
|
| 590 |
_aBATCH-UPD _b10 _c20130110 _lUCH01 _h0902 |
||
| 590 |
_aBATCH-UPD _b10 _c20130410 _lUCH01 _h0531 |
||
| 590 |
_aBATCH-UPD _b10 _c20130914 _lUCH01 _h1618 |
||
| 590 |
_aCONVERSION _b10 _c20130109 _lUCH01 _h1354 |
||
| 650 | 1 | 4 |
_aHéroes. _955777 |
| 650 | 1 | 4 |
_aMéxico _xHistoria _xIndependencia. _976761 |
| 830 | 0 |
_aBiblioteca Mexiquense del Bicentenario. _pColección Mayor : historia y sociedad _v; 3 _912422 |
|
| 901 | _aBK | ||
| 942 | _cLIBRO | ||
| 949 |
_a972.03 V54 _bBC _cLIBRO _d33724002104040 _eLIBRO _gI.c/e _h111297 _i108680 _sb |
||
| 999 |
_c97033 _d97033 |
||